| 000 | 00710nam a2200241Ia 4500 | ||
|---|---|---|---|
| 008 | 180523s9999 xx 000 0 und d | ||
| 020 | _a0-19-829542-1 | ||
| 050 | _aMAIN HD 30.2 | ||
| 050 | _b.T44 2002 | ||
| 100 | _aTeece, David J. | ||
| 245 | 0 | _aManaging intellectual capital : | |
| 245 | 0 | _borganizational, strategic, and policy dimensions / | |
| 245 | 0 | _cDavid J. Teece. | |
| 260 | _aNew York : | ||
| 260 | _bOxford University Press, | ||
| 260 | _c2002 | ||
| 300 | _a289 pages : | ||
| 300 | _c23 cm. | ||
| 500 | _aIncludes bibliographical references and index. | ||
| 650 | _aIntellectual capital. | ||
| 650 | _aKnowledge management. | ||
| 650 | _xTechnological innovations -- Management. | ||
| 999 |
_c356804 _d356804 |
||